000 00726nam a22002537a 4500
001 BR9401710
003 BR-BrBNA
005 20230928093912.0
007 ta
008 230509b bl.||||| |||| 00| 0 por d
040 _aBR-BrBNA
_bpor
_cBiblioteca Nacional de Agricultura
041 _a(Por)
072 _aK10
090 _ K10 BR9401710
110 1 _aEmpresa de Assistencia Tecnica e Extensao Rural do Rio Grande do Sul, Porto Alegre (Brasil)
245 1 _aManual tecnico. Reflorestamento, vol. 3
260 3 _aPorto Alegre, RS (Brasil0:
_c1993.
300 _a20 p.
500 _a12 ref.
650 _aReflorestamento
650 _aPlanejamento Florestal
909 _a202309
_bLucia
_c55
_dLucia Elande
942 _cBK
999 _c47802
_d47802